000 00753nas a2200253Ia 4500
001 R008/D0459
003 IT-RoPAU
008 151124c99999999xx |||||||||||| ||und||
040 _aIT-RoPAU
040 _cIT-RoPAU
041 _aITALIANO
100 _aQuaglia Massimo
_gCodice Aut. SPICS: 41738
210 _aGARAGE
222 _aGarage
245 _aGARAGE, ANNO 02-N.03 (1995)
_bTempo Della Coscienza (Il)
250 _a1a ed.
260 _aTORINO
_bSCRIPTORIUM
_c1995
501 _bPaulus - SPICS - Società San Paolo EM (non-commercial uses only)
_cCopyright2015
300 _a4 p. [105-108]
362 _aANNO 002, N.03 (1995)
500 _aIl Cinema di Krysztof Kieslowski.
650 _aCINEMA
_vPUBBLICAZIONE PERIODICA
942 _cCR
999 _c111465
_d111465